[Event "ARG-chT"]
[Site "Villa Martelli"]
[Date "2008.08.23"]
[Round "3"]
[White "Scalise, Luis"]
[Black "Lopez, Carlos"]
[Result "1-0"]
[WhiteElo "2182"]
[BlackElo "2156"]
[PlyCount "77"]
[EventDate "2008.08.09"]
[EventType "tourn"]
[EventRounds "9"]
[EventCountry "ARG"]
[SourceTitle "EXT 2009"]
[Source "ChessBase"]
[SourceDate "2008.11.26"]
[SourceVersion "1"]
[SourceVersionDate "2008.11.26"]
[SourceQuality "1"]

1. d4 Nf6 2. Nf3 g6 3. Bg5 Bg7 4. Nbd2 0-0 5. e4 d6 6. Bc4 c5 7. c3 Nc6 8. 0-0 Qb6 9. d5 Nb8 10. Qc2 Qc7 11. Rfe1 Ng4 12. h3 Ne5 13. Nxe5 Bxe5 14. f4 Bg7 15. Nf3 e6 16. Rad1 exd5 17. exd5 f6 18. Bh4 Bf5 19. Qe2 h5 20. Bf2 Kh7 21. Nh4 Bd7 22. f5 g5 23. Qxh5+ Kg8 24. Re7 Be8 25. Qe2 Qd8 26. Ng6 Nd7 27. Qe6+ Rf7 28. Bb5 Bf8 29. Rxf7 Bxf7 30. Qxd7 Qxd7 31. Bxd7 Kg7 32. Nxf8 Kxf8 33. Be6 Be8 34. Re1 b5 35. Re4 a5 36. h4 Bh5 37. hxg5 fxg5 38. g4 Be8 39. Be3 1-0

[Event "Buenos Aires CC Argentino-ch Superior"]
[Site "Buenos Aires"]
[Date "2001.12.03"]
[Round "1"]
[White "Scalise, Luis"]
[Black "Vajnik, Eduard"]
[Result "1-0"]
[WhiteElo "2194"]
[BlackElo "2100"]
[PlyCount "93"]
[EventDate "2001.12.03"]
[EventType "swiss"]
[EventRounds "9"]
[EventCountry "ARG"]
[SourceTitle "EXT 2003"]
[Source "ChessBase"]
[SourceDate "2002.11.25"]
[SourceVersion "1"]
[SourceVersionDate "2002.11.25"]
[SourceQuality "1"]

1. d4 d5 2. Nf3 Nf6 3. Bg5 Ne4 4. Bf4 e6 5. e3 Bd6 6. Bd3 Bxf4 7. exf4 Nc6 8. c3 Qf6 9. g3 Bd7 10. Qe2 0-0-0 11. Bxe4 dxe4 12. Qxe4 Qe7 13. Nbd2 Nb8 14. Ne5 Be8 15. 0-0 f6 16. Nef3 Bc6 17. Qe2 Qf7 18. Rfe1 Rhe8 19. b4 b6 20. a4 Nd7 21. a5 e5 22. axb6 exf4 23. Qa6+ Bb7 24. bxa7 Rxe1+ 25. Nxe1 Nb6 26. Qf1 fxg3 27. Qh3+ f5 28. hxg3 Rd6 29. Nef3 Rh6 30. Qg2 g5 31. Ra5 Qd7 32. Nc4 Na8 33. Nce5 Qe8 34. g4 f4 35. d5 Qe7 36. Qf1 Rb6 37. Qd3 h5 38. Qf5+ Kd8 39. Qxg5 hxg4 40. Qxe7+ Kxe7 41. Nxg4 Rg6 42. Nfe5 Rg5 43. f3 Nb6 44. c4 Rg8 45. c5 Nxd5 46. c6 Ba8 47. Rxd5 1-0

[Event "Torre Blanca Mar 01"]
[Site "Buenos Aires"]
[Date "2001.03.13"]
[Round "3"]
[White "Mazziotti Irigoyen, Gabriel"]
[Black "Scalise, Luis"]
[Result "1/2-1/2"]
[WhiteElo "2169"]
[BlackElo "2139"]
[PlyCount "96"]
[EventDate "2001.06.28"]
[EventType "swiss"]
[EventRounds "7"]
[EventCountry "ARG"]
[SourceTitle "EXT 2005"]
[Source "ChessBase"]
[SourceDate "2004.11.15"]
[SourceVersion "1"]
[SourceVersionDate "2004.11.15"]
[SourceQuality "1"]

1. e4 Nc6 2. d4 d5 3. e5 f6 4. f4 Nh6 5. Nc3 Bf5 6. Be2 Nb4 7. Bd3 Nxd3+ 8. cxd3 e6 9. Nf3 Be7 10. Ne2 0-0 11. Ng3 Bg6 12. 0-0 f5 13. Bd2 c5 14. dxc5 Bxc5+ 15. d4 Be7 16. Qb3 Qb6 17. Qxb6 axb6 18. Rfc1 Rfc8 19. Rxc8+ Rxc8 20. Rc1 Rc6 21. Kf2 Be8 22. Ke2 Rxc1 23. Bxc1 Bb5+ 24. Kd2 Ng4 25. Kc2 h6 26. Bd2 Nf2 27. b3 Ba3 28. Ne1 Be7 29. Be3 Ng4 30. Bg1 Bh4 31. a4 Bxg3 32. hxg3 Bf1 33. Kc3 Kf7 34. Kb4 Ke7 35. a5 bxa5+ 36. Kxa5 Kd7 37. Kb6 Kc8 38. b4 g5 39. fxg5 hxg5 40. Nf3 f4 41. Nxg5 fxg3 42. Nxe6 Bxg2 43. Nf4 Be4 44. Nh5 g2 45. Ng7 Nh6 46. e6 Nf5 47. Nxf5 Bxf5 48. e7 Bg6 1/2-1/2

[Event "Torre Blanca Mar 01"]
[Site "Buenos Aires"]
[Date "2001.03.09"]
[Round "2"]
[White "Scalise, Luis"]
[Black "Mela, Benjamin"]
[Result "1/2-1/2"]
[WhiteElo "2139"]
[BlackElo "2267"]
[PlyCount "37"]
[EventDate "2001.06.28"]
[EventType "swiss"]
[EventRounds "7"]
[EventCountry "ARG"]
[SourceTitle "EXT 2005"]
[Source "ChessBase"]
[SourceDate "2004.11.15"]
[SourceVersion "1"]
[SourceVersionDate "2004.11.15"]
[SourceQuality "1"]

1. d4 Nf6 2. Nf3 c5 3. e3 g6 4. Bd3 Bg7 5. 0-0 0-0 6. Nbd2 Qc7 7. c3 d5 8. dxc5 Qxc5 9. e4 Nc6 10. exd5 Qxd5 11. Bc4 Qh5 12. Qe2 Bg4 13. h3 Rad8 14. hxg4 Nxg4 15. Ne4 Be5 16. Ng3 Bxg3 17. fxg3 Qc5+ 18. Kh1 Qh5+ 19. Kg1 1/2-1/2

[Event "Buenos Aires Metropolitan-ch"]
[Site "Buenos Aires"]
[Date "2001.??.??"]
[Round "5"]
[White "Malajovich, Sandra"]
[Black "Scalise, Luis"]
[Result "0-1"]
[WhiteElo "2120"]
[BlackElo "2139"]
[PlyCount "62"]
[EventDate "2001.06.09"]
[EventType "swiss"]
[EventRounds "6"]
[EventCountry "ARG"]
[SourceTitle "EXT 2002"]
[Source "ChessBase"]
[SourceDate "2001.11.25"]
[SourceVersion "1"]
[SourceVersionDate "2001.11.25"]
[SourceQuality "1"]

1. d4 d5 2. c4 Nc6 3. Nc3 e5 4. cxd5 Nxd4 5. e3 Nf5 6. Nf3 Bd6 7. e4 Nfe7 8. Bb5+ Kf8 9. h3 a6 10. Bc4 f6 11. Be3 Qe8 12. g4 h5 13. g5 Ng6 14. Qe2 N8e7 15. gxf6 gxf6 16. Qd2 b5 17. Bb3 Bd7 18. Bh6+ Kf7 19. Ne2 a5 20. a3 h4 21. Rc1 Qc8 22. Neg1 Qb7 23. Ne2 a4 24. Ba2 b4 25. axb4 a3 26. bxa3 Rxa3 27. Be3 Qxb4 28. Nc3 Rha8 29. Rc2 Rxa2 30. Nxa2 Qxe4 31. Qd1 Ba4 0-1

[Event "Torre Blanca-ch Superior"]
[Site "Buenos Aires"]
[Date "2000.12.17"]
[Round "7"]
[White "Ferrara, Alexis"]
[Black "Scalise, Luis"]
[Result "1-0"]
[WhiteElo "2227"]
[BlackElo "2139"]
[PlyCount "109"]
[EventDate "2000.12.01"]
[EventType "swiss"]
[EventRounds "9"]
[EventCountry "ARG"]
[SourceTitle "CBM 079 Extra"]
[Source "ChessBase"]
[SourceDate "2001.01.11"]
[SourceVersion "2"]
[SourceVersionDate "2001.01.25"]
[SourceQuality "1"]

1. d4 Nf6 2. Nf3 d6 3. c4 Nbd7 4. Nc3 e5 5. e4 Be7 6. Be2 0-0 7. 0-0 c6 8. h3 a6 9. a4 a5 10. Qc2 Qc7 11. Be3 exd4 12. Nxd4 Nc5 13. Nb3 Na6 14. Rac1 Re8 15. Qb1 Bf8 16. Rfe1 Bd7 17. Bf1 Rad8 18. Bd4 Be7 19. Nb5 cxb5 20. cxb5 Nc5 21. e5 dxe5 22. Bxc5 Bxc5 23. Rxc5 Qd6 24. Rd1 Qe7 25. Rc7 b6 26. Qc2 Rc8 27. Nd2 Qd6 28. Rc4 Be6 29. Ne4 Nxe4 30. Rxd6 Nxd6 31. Rc6 Bd5 32. Rxc8 Rxc8 33. Qd2 Rc5 34. b4 axb4 35. Qxb4 Nb7 36. Qg4 Be6 37. Qe4 Nd6 38. Qa8+ Nc8 39. a5 Bd5 40. Qb8 bxa5 41. b6 a4 42. b7 Bxb7 43. Qxb7 a3 44. Qb3 Ra5 45. Qc3 Ra8 46. Bc4 Nd6 47. Ba2 Re8 48. Qxa3 Nf5 49. Bxf7+ Kxf7 50. Qf3 Ke6 51. g4 Nd4 52. Qd3 g6 53. f4 Rf8 54. Qc4+ Kd6 55. Qb4+ 1-0

[Event "Torre Blanca-ch Superior"]
[Site "Buenos Aires"]
[Date "2000.12.04"]
[Round "2"]
[White "Scalise, Luis"]
[Black "Lafuente, Pablo"]
[Result "1/2-1/2"]
[WhiteElo "2139"]
[BlackElo "2291"]
[PlyCount "77"]
[EventDate "2000.12.01"]
[EventType "swiss"]
[EventRounds "9"]
[EventCountry "ARG"]
[SourceTitle "CBM 079 Extra"]
[Source "ChessBase"]
[SourceDate "2001.01.11"]
[SourceVersion "2"]
[SourceVersionDate "2001.01.25"]
[SourceQuality "1"]

1. d4 Nf6 2. Nf3 b6 3. Nbd2 Bb7 4. e3 c5 5. Bd3 cxd4 6. exd4 e6 7. 0-0 Be7 8. Re1 d6 9. c3 Nbd7 10. Qe2 0-0 11. Nf1 Re8 12. Ng3 Rc8 13. Ng5 Nf8 14. Nh5 Rc7 15. Nf4 Qa8 16. f3 e5 17. dxe5 dxe5 18. Nfh3 Bc5+ 19. Be3 e4 20. fxe4 Bxe3+ 21. Qxe3 h6 22. Nf3 Nxe4 23. Nd4 Rc5 24. Bxe4 Rxe4 25. Qg3 Ng6 26. Rxe4 Bxe4 27. Re1 Rh5 28. Re3 Qb7 29. Nf3 Qd5 30. Nf2 Bxf3 31. Qxf3 Rf5 32. Qxd5 Rxd5 33. Rd3 Re5 34. Kf1 Kf8 35. Rd7 Re7 36. Rd8+ Re8 37. Rxe8+ Kxe8 38. Nd3 Kd7 39. Kf2 1/2-1/2

[Event "Metropolitano-ch"]
[Site "Buenos Aires"]
[Date "2000.??.??"]
[Round "1"]
[White "Fernandez Murga, Roberto"]
[Black "Scalise, Luis"]
[Result "1-0"]
[WhiteElo "2270"]
[BlackElo "2146"]
[PlyCount "53"]
[EventDate "2000.06.17"]
[EventType "swiss"]
[EventRounds "7"]
[EventCountry "ARG"]
[SourceTitle "EXT 2001"]
[Source "ChessBase"]
[SourceDate "2000.11.22"]
[SourceVersion "1"]
[SourceVersionDate "2000.11.22"]
[SourceQuality "1"]

1. e4 Nf6 2. e5 Nd5 3. d4 d6 4. Nf3 Bg4 5. Be2 e6 6. 0-0 Be7 7. c4 Nb6 8. Nc3 0-0 9. Be3 Nc6 10. exd6 cxd6 11. b3 d5 12. c5 Nd7 13. Rc1 b6 14. Bb5 Qc7 15. Nxd5 exd5 16. cxb6 Qxb6 17. Bxc6 Rad8 18. Bxd5 Nf6 19. Bc6 Ba3 20. Rc4 Nd5 21. Qc2 Bxf3 22. gxf3 Nb4 23. Qe4 Nxa2 24. d5 Qxb3 25. Rb1 Bb2 26. Rc2 Nc3 27. Qd3 1-0

[Event "Metropolitano-ch"]
[Site "Buenos Aires"]
[Date "2000.??.??"]
[Round "6"]
[White "Moccero, Eduardo"]
[Black "Scalise, Luis"]
[Result "1-0"]
[WhiteElo "2191"]
[BlackElo "2146"]
[PlyCount "113"]
[EventDate "2000.06.17"]
[EventType "swiss"]
[EventRounds "7"]
[EventCountry "ARG"]
[SourceTitle "EXT 2001"]
[Source "ChessBase"]
[SourceDate "2000.11.22"]
[SourceVersion "1"]
[SourceVersionDate "2000.11.22"]
[SourceQuality "1"]

1. e4 Nc6 2. Nf3 d5 3. e5 Bg4 4. d4 e6 5. c3 f6 6. Bf4 Nge7 7. h3 Bxf3 8. Qxf3 Ng6 9. exf6 gxf6 10. Bg3 Bg7 11. Bb5 Qd7 12. Nd2 0-0 13. 0-0 e5 14. Nb3 a6 15. Nc5 Qf7 16. Ba4 b5 17. Bb3 Nce7 18. Rad1 c6 19. Rfe1 Nc8 20. dxe5 fxe5 21. Rxd5 Qxf3 22. gxf3 Kh8 23. Rd7 Nb6 24. Rxg7 Kxg7 25. Ne6+ Kf6 26. Nxf8 Rxf8 27. Rd1 Ke7 28. Bc2 Rxf3 29. h4 Nc4 30. Be4 Rf6 31. b3 Nd6 32. Bxc6 Nf4 33. Kh2 Rf8 34. Bd5 Nf5 35. Bxf4 exf4 36. Kh3 Rf6 37. Be4 h6 38. Bxf5 Rxf5 39. Kg4 Re5 40. Rd2 Rc5 41. Rd3 a5 42. Kxf4 a4 43. Kg4 axb3 44. axb3 Ke6 45. f4 h5+ 46. Kf3 Kf5 47. Re3 Kf6 48. Ke4 Rc8 49. Kd4 b4 50. cxb4 Rd8+ 51. Kc5 Rc8+ 52. Kd6 Rb8 53. Re4 Kf5 54. Kc7 Rg8 55. Rc4 Rg7+ 56. Kc6 Rg6+ 57. Kd5 1-0

[Event "ARG-chT"]
[Site "Argentina"]
[Date "2000.??.??"]
[Round "5"]
[White "Scalise, Luis"]
[Black "Acha, Jorge Jose"]
[Result "1/2-1/2"]
[WhiteElo "2146"]
[BlackElo "2225"]
[PlyCount "70"]
[EventDate "2000.??.??"]
[EventType "team-tourn"]
[EventRounds "7"]
[EventCountry "ARG"]
[SourceTitle "EXT 2001"]
[Source "ChessBase"]
[SourceDate "2000.11.22"]
[SourceVersion "1"]
[SourceVersionDate "2000.11.22"]
[SourceQuality "1"]

1. d4 d6 2. Nf3 g6 3. e4 Nf6 4. Nc3 Bg7 5. h3 c6 6. a4 0-0 7. Be2 Nbd7 8. 0-0 e5 9. Be3 Re8 10. dxe5 dxe5 11. Bc4 Qe7 12. Ng5 Rf8 13. Qe2 h6 14. Nf3 Nc5 15. Bxc5 Qxc5 16. Rfd1 Nh5 17. Bb3 Nf4 18. Qd2 Be6 19. Bxe6 Nxe6 20. Qd6 Rfd8 21. Qxc5 Nxc5 22. Kf1 Kf8 23. Ke2 Ke7 24. b3 f5 25. Rxd8 Rxd8 26. Rd1 fxe4 27. Nd2 Ne6 28. Ndxe4 Nd4+ 29. Kf1 Nxc2 30. Rxd8 Kxd8 31. Nc5 Bf8 32. Nd3 Bg7 33. Nc5 Bf8 34. Nd3 Bg7 35. Nc5 Bf8 1/2-1/2

[Event "Metropolitano-ch"]
[Site "Buenos Aires"]
[Date "2000.??.??"]
[Round "2"]
[White "Scalise, Luis"]
[Black "Echeguren, Gustavo Fabian"]
[Result "1/2-1/2"]
[WhiteElo "2146"]
[BlackElo "2124"]
[PlyCount "32"]
[EventDate "2000.06.17"]
[EventType "swiss"]
[EventRounds "7"]
[EventCountry "ARG"]
[SourceTitle "EXT 2001"]
[Source "ChessBase"]
[SourceDate "2000.11.22"]
[SourceVersion "1"]
[SourceVersionDate "2000.11.22"]
[SourceQuality "1"]

1. f4 d5 2. Nf3 Nf6 3. e3 e6 4. b3 c5 5. Bb2 Nc6 6. Bb5 Bd7 7. 0-0 a6 8. Bxc6 Bxc6 9. Ne5 Rc8 10. a4 Be7 11. d3 0-0 12. Nd2 Nd7 13. Ndf3 Nxe5 14. fxe5 b6 15. Qe2 Bb7 16. Nd2 Bg5 1/2-1/2

[Event "Buenos Aires op"]
[Site "Buenos Aires"]
[Date "1997.??.??"]
[Round "5"]
[White "Moreno Carnero, Javier"]
[Black "Scalise, Luis"]
[Result "1-0"]
[WhiteElo "2370"]
[BlackElo "2120"]
[PlyCount "51"]
[EventDate "1997.11.??"]
[EventType "tourn"]
[EventRounds "9"]
[EventCountry "ARG"]
[SourceTitle "EXT 1998"]
[Source "ChessBase"]
[SourceDate "1997.11.17"]
[SourceVersion "1"]
[SourceVersionDate "1997.11.17"]
[SourceQuality "1"]

1. d4 d5 2. c4 c6 3. Nc3 Nf6 4. Nf3 dxc4 5. e3 Bf5 6. Bxc4 e6 7. 0-0 Nbd7 8. h3 Be7 9. Nh4 Be4 10. Nxe4 Nxe4 11. Nf3 0-0 12. Qb3 Nd6 13. Bd3 Nf6 14. Qc2 Nde8 15. e4 g6 16. Bh6 Ng7 17. b4 a5 18. b5 cxb5 19. Bxb5 Rc8 20. Qe2 Qc7 21. Rac1 Qb8 22. Rb1 Bb4 23. Ne5 Qd6 24. Rfd1 Bc3 25. Nc4 Qb8 26. Qf3 1-0

[Event "Torre Blanca op"]
[Site "Buenos Aires"]
[Date "1997.??.??"]
[Round "2"]
[White "Scalise, Luis"]
[Black "Fiorito, Fabian"]
[Result "0-1"]
[WhiteElo "2120"]
[BlackElo "2465"]
[PlyCount "58"]
[EventDate "1997.??.??"]
[EventType "swiss"]
[EventRounds "9"]
[EventCountry "ARG"]
[SourceTitle "EXT 1999"]
[Source "ChessBase"]
[SourceDate "1998.11.16"]
[SourceVersion "1"]
[SourceVersionDate "1998.11.16"]
[SourceQuality "1"]

1. d4 Nf6 2. Nf3 g6 3. Bg5 Bg7 4. Nbd2 0-0 5. e4 d6 6. h3 c5 7. c3 Nc6 8. Be2 h6 9. Be3 b6 10. 0-0 e6 11. Nh2 Bb7 12. f4 a6 13. g4 cxd4 14. cxd4 Rc8 15. Rc1 b5 16. f5 exf5 17. gxf5 Qe7 18. fxg6 fxg6 19. Bf3 Nd5 20. Qb3 Na5 21. Qa3 Nxe3 22. Qxe3 Nc6 23. e5 dxe5 24. dxe5 Nxe5 25. Qb3+ Kh7 26. Bxb7 Rxc1 27. Rxc1 Qxb7 28. Qc2 Nc4 29. Qe4 Qa7+ 0-1